000 00306nam a2200121Ia 4500
005 20251222144707.0
008 251222s9999||||xx |||||||||||||| ||spa||
082 _a339.2/A69/Ej.2
100 _aArellano Guerrero, Edwin
245 0 _aManual de Indicadores Económicos
264 _bMonterrico
942 _cLIB
999 _c17696
_d17696